| 000 | 00622cam a2200193 a 4500 | ||
|---|---|---|---|
| 020 | _a0697139247 | ||
| 020 | _a069709880X (pbk.) | ||
| 040 | _cDLC | ||
| 082 | 0 | 0 | _a363 WCB 1992 C156 Or. |
| 100 | 1 | _aEnger, Eldon D. | |
| 245 | 1 | 0 |
_aEnvironmental science : _ba study of interrelationships. |
| 250 | _a4th ed. / | ||
| 260 |
_aDubuque, IA : _bW.C. Brown, _cc1992. |
||
| 300 |
_axiv, 514 p. : _bill. (some col.), col. maps ; _c28 cm. |
||
| 500 | _aRev. ed. of: Environmental science / Eldon D. Enger ... [et al.]. 3rd ed. c1989. | ||
| 650 | 0 | _aEnvironmental sciences. | |
| 700 | 1 | _aSmith, Bradley Fraser. | |
| 942 | _cAEDBB | ||
| 999 |
_c18974 _d18974 |
||